| 000 | 00488nam a2200169 a 4500 | ||
|---|---|---|---|
| 090 |
_aLB _b03305 |
||
| 041 | _aspa | ||
| 245 |
_aEscarabeidos de Latinoamérica _bestado del conocimiento |
||
| 260 |
_aZaragoza _bS. E. A. _c2003 |
||
| 300 | _a86 p. | ||
| 440 |
_am3m MonografĂas tercer milenio _n3 _992313 |
||
| 700 |
_aOnore, Giovanni _4Comp. _979771 |
||
| 700 |
_aReyes Castillo, Pedro _4Comp. _992314 |
||
| 700 |
_aZunino, E. Mario _4Comp. _992315 |
||
| 942 | _cIMPRESO | ||
| 945 | _d2003-12-03 | ||
| 999 |
_c3522 _d3522 |
||